000 00801nam a2200241 i 4500
001 181948
003 ES-MaACL
005 20250904043127.0
008 130509s2012 sp | |||||||| | spa d
020 _a978-84-938075-5-9
080 _a821.134.2-14"19"
100 1 _aCopado, María Antonia.
_9152753
245 1 0 _aLa mujer de la lluvia /
_cMaría Antonia Copado ; edición corregida por Javier Díaz Gil.
250 _a1ª ed.
260 _a[Madrid] :
_bPoeta de Cabra (2),
_c2012.
300 _a59 p. ;
_c16 cm.
490 1 _aLibretos Poeta de Cabra ;
_v9
700 1 _aDíaz Gil, Javier.
_9152754
830 1 0 _aLibretos Poeta de Cabra
_v9
_9188096
852 4 _aES-MaACL
_jA-12655
_9188857
_bR.148765
_cDEPO1
_dOlim: N-5656
942 _2udc
_cMONOGRAFIA
999 _c181948
_d181948